000 00554nam a2200193 u 4500
005 20240924071238.0
008 080625s2004 r 000 0 eng d
020 _a043968370X
035 _aUPN01000157612
049 _aI
050 4 _aPN6367
_bL6.2
100 1 _aLongo, Alejandra
_935574
245 1 0 _aAdivinanzas /
_cAlejandra Longo ; il. Daniel Chaskielberg.
260 _aNew York :
_bScholastic,
_c2004.
300 _a28 p. :
_bprincipalmente il. col.
650 4 _aAdivinanzas
_9114
650 4 _aLiteratura infantil
_94445
905 _aInfantil
999 _c129726
_d129726